15 Temmuz milli irade zaferi (Record no. 6747)

MARC details
000 -BAŞLIK
Sabit Uzunlukta Kontrol Alanı 00696na a2200205 4500
001 - KONTROL NUMARASI
Denetim Alanı 23261
003 - KONTROL NUMARASI IDENTIFIER
Denetim Alanı MIRAKIL
005 - SON İŞLEM TARİHİ VE ZAMANI
Denetim Alanı 20181213155117.0
008 - SABİT-BOY VERİ ELEMANLARI - GENEL BİLGİLER
Sabit Uzunlukta Kontrol Alanı 170821b tu 000 0
040 ## - KATALOGLAMA KAYNAK
Orijinal Kataloglama Ajansı Milas
Kataloglama Dili tur
Metne Dönüştürmek Ajansı TR-AnCHP
041 ## - DİL KODU
Metin / Ses Parça Veya Ayrı Başlığın Dil Kodu tur
245 ## - BAŞLIK TABLOSU
Başlık 15 Temmuz milli irade zaferi
Başlığın Kalan Küresel işgale destansı direniş
Sorumluluk Tablosu, Vb Memur sendikaları konfederasyonu (MEMUR-SEN)
246 ## - UNVAN FORM VARYING
Başlık Doğru / Kısa Başlığı Küresel işgale destansı direniş
260 ## - YAYIN, DAĞITIM, VB
Yayın, Dağıtım, Vb Yeri Ankara
Yayıncı, Dağıtıcı, Vs Adı Memur sendikaları konfederasyonu (MEMUR-SEN)
Yayın, Dağıtım, Vb Tarihi 2017
Üretici Firma Semih Ofset Matbaacılık
300 ## - FİZİKSEL TANIM
Kapsam 192 s.
Diğer Fiziksel Ayrıntıları fotğ.
Boyutlar 28 sm.
500 ## - GENEL NOT
Genel Not GEÇİCİ KATALOG KAYDIDIR.
740 ## - KATMA GİRİŞ - KONTROLSUZ İLGİLİ / ANALİTİK BAŞLIK
Kontrol Edilmeyen / İlgili Analitik Başlıktaki Küresel işgale destansı direniş
942 ## - EKLENDİ GİRİŞ ELEMANLARI (KOHA)
Sınıflandırma Veya Raf Düzeni Kaynak Dewey Decimal Classification
Koha Öğesi Türü Books
999 ## - SİSTEM KONTROL NUMARALARI (KOHA)
Koha Biblionumber 6747
Koha Biblioitemnumber 6747
Holdings
Kalıcı Konum Mevcut Konum Edinme Tarihi Edinim Kaynak Toplam Check-Out'Lar Barkod Tarih Son Görülme İtibaren Geçerli Fiyatlar Koha Öğesi Türü
CHP Kütüphanesi CHP Kütüphanesi 08/21/2017 Bağış   017246 08/21/2017 08/21/2017 Books